[Event "Thailand op 13th"]
[Site "Pattaya"]
[Date "2013.04.20"]
[Round "8"]
[White "Short, Nigel D"]
[Black "Zhao, Zong Yuan"]
[Result "0-1"]
[WhiteElo "2697"]
[BlackElo "2537"]
[Annotator "Schulz,Andre"]
[PlyCount "129"]
[EventDate "2013.04.14"]
[EventType "swiss"]
[EventRounds "9"]
[EventCountry "THA"]
[SourceTitle "CBM 154 Extra"]
[Source "ChessBase"]
[SourceDate "2013.06.25"]
[SourceVersion "2"]
[SourceVersionDate "2013.06.25"]
[SourceQuality "1"]

1. Nf3 d5 2. g3 Nf6 3. Bg2 c6 4. d3 Bg4 5. Nbd2 Nbd7 6. h3 Bh5 7. g4 Bg6 8. Nh4
e5 (8... e6 9. e3 Bd6 10. Qe2 Qc7 11. O-O O-O-O 12. Rb1 Qa5 13. a3 Bb8 14. f4
e5 15. f5 e4 16. dxe4 Qc7 17. Rf4 Rde8 18. fxg6 hxg6 19. Nhf3 Qb6 20. e5 Nxe5
21. Nxe5 Bxe5 22. Rf3 Nh7 23. c4 Ng5 24. cxd5 cxd5 25. Nf1 Kb8 26. b4 d4 27.
Bd2 Re7 28. Rc1 dxe3 29. Bxe3 Bd4 30. Rg3 Bxe3+ 31. Nxe3 Rhe8 32. Rc3 a6 33.
Qf2 f6 34. Nc2 Qxf2+ 35. Kxf2 Re2+ 36. Kf1 Rd2 37. Rgd3 Ree2 38. Rxd2 Rxd2 39.
Ne3 Ne6 40. Nc4 Rd1+ 41. Kf2 Nf4 42. Bf3 Ra1 43. h4 g5 44. h5 {1-0 (44)
Svidler,P (2739)-Kramnik,V (2781) Moscow 2011}) 9. e3 Bd6 10. Qe2 O-O (10...
Qe7 11. a3 Nb6 12. c4 O-O-O 13. b3 dxc4 14. dxc4 Bc7 15. Nxg6 hxg6 16. Bb2 Nfd7
17. O-O-O Nc5 18. Kc2 Nd3 19. Bc3 f5 20. Nb1 e4 21. gxf5 gxf5 22. f3 Nc5 23.
Rhf1 Rxd1 24. Rxd1 Re8 25. f4 Nbd7 26. Qh5 Qe6 27. Bf1 g6 28. Qh7 Nd3 29. Rd2
Bb6 30. Rg2 Nf8 31. Qh6 Bxe3 32. Bxd3 exd3+ 33. Kb2 Qe4 34. Rh2 Bxf4 35. Nd2
Bxh6 {0-1 (35) Kritz,L (2571)-Erdos,V (2523) Differdange 2007}) 11. Nxg6 (11.
b3 a5 12. Bb2 a4 13. O-O Re8 14. g5 Nh5 15. Qg4 a3 16. Bc3 b5 17. Rad1 Qc7 18.
Ba1 b4 19. Rc1 Nc5 20. Nxg6 hxg6 21. Bf3 Qe7 22. Qg2 Kh7 23. Be2 Ne6 24. h4 d4
25. Bxh5 gxh5 26. Qxc6 Kg8 27. Nc4 Rad8 28. Rce1 Bb8 29. Qe4 Nc5 30. Qf3 e4 31.
Qg2 exd3 32. cxd3 Nxd3 33. Rd1 dxe3 34. fxe3 Ba7 35. Bf6 Bxe3+ 36. Qf2 Bxf2+
37. Rxf2 Qa7 {0-1 (37) Young,A (2350)-Herman,M (2396) ICC INT 2011}) 11... fxg6
12. h4 Qe7 13. g5 Nh5 14. c4 {Schwarz findet nun ein starkes Manöver zur
Eroberung der schwarzen Felder.} e4 15. dxe4 d4 16. exd4 (16. Nf3 Bb4+ 17. Bd2
dxe3 18. Qxe3 Nf4 $19 {konnte Weiß nicht gefallen.}) 16... Nf4 {Für zwei
Bauern hat Schwarz nun diesen starken Vorposten etabliert.} 17. Qf1 c5 18. d5 (
18. e5 {taugt gar nichts wegen einfach} cxd4) 18... Ne5 {Nimzowitsch hätte
gejubelt. Es droht nun Sd3 und Sxf2 bzw. Txf2.} 19. Kd1 b5 {Und noch ein Bauer.
..} ({Gut war auch} 19... Ned3 {mit der Idee De5-d4.}) 20. cxb5 (20. Bh3 $5)
20... c4 21. f3 Rac8 22. Bh3 Rc7 23. Nb1 Nfd3 24. Be6+ Kh8 25. Rh3 Bc5 ({
Kräftiger war} 25... Nxc1 26. Kxc1 c3 {mit der Idee} 27. Nxc3 (27. bxc3 Ba3+
$19) 27... Ba3 28. Kc2 Bxb2 29. Kxb2 Qb4+ 30. Kc2 Qxc3+ {nebst Matt.}) 26. Nc3
Nf2+ 27. Ke2 Nxh3 28. Qxh3 Rxf3 29. Qxf3 {Bevor Weiß im Angriff der "leichten
Kavallerie" untergeht, sucht er sein Glück im Tausch der Dame gegen die
Angreifer. Die Bilanz lautet zwei Leichtfiguren und zwei Bauern für die Dame.}
Nxf3 30. Kxf3 Qf8+ 31. Bf4 Bd6 32. Ne2 ({Ein pfiffige Idee war noch} 32. e5 $5
Bxe5 33. Rf1 {mit der Idee} Qxf4+ (33... Bxf4 34. Ke4 {und der Läufer ist
gefesselt.}) 34. Ke2 {und die Dame kann wegen Matt nicht wegziehen.} Rf7 35.
Rxf4 (35. Bxf7 Qg4+ 36. Ke3 Bd4+ 37. Kd2 Qg2+ 38. Ke1 Qxb2 $19) 35... Rxf4 36.
a4 {und Weiß kann noch kämpfen, obwohl es vermutlich nicht zum Remis reicht.}
) 32... c3 33. bxc3 Bxf4 ({Stärker war} 33... Rxc3+ 34. Nxc3 Qxf4+ 35. Ke2 Bc5
$19) 34. Nxf4 Rxc3+ 35. Kg4 Qa3 36. Rg1 Re3 (36... Rf3 {war Matt in 18 
(Houdini)}) 37. e5 Rxe5 ({Genauer war} 37... Rf3 38. Ne2 Qe3 39. Rg3 Qe4+ {
nebst Matt}) 38. Rg3 Qb4 39. Rb3 Qc4 $2 {Wirft tatsächlich noch den Vorteil
weg.} ({Nach} 39... Qd4 40. Rd3 Qg1+ 41. Kf3 Qf1+ 42. Kg3 Qe1+ 43. Kg4 Re4 {
gewinnt Schwarz, z.B.:} 44. d6 Qf1 45. Rd5 Qg2#) 40. Kg3 $2 ({Hier verpasste
Weiß die Gelegenheit, noch einmal richtig Ärger zu machen:} 40. b6 $1 axb6
41. Ra3 {droht plötzlich auch mal Matt.} h5+ 42. Kg3 Kh7 ({Nach} 42... Rxe6 {
bleibt vom schwarzen Übergewicht nichts übrig.} 43. dxe6 Qc5 44. Rd3 $11) 43.
Bf7 Qc8 44. Bxg6+ Kg8 45. Bxh5 Qf8 46. Rc3 Re1 47. Bf3 (47. Bg4 Rg1+ 48. Ng2
Qd6+ 49. Kf2 Ra1) 47... Rg1+ 48. Bg2 {und Weiß hält sich.}) 40... Qc5 41. Rf3
Re1 42. Kh3 Re3 43. Rxe3 Qxe3+ 44. Kg4 h5+ 45. gxh6 gxh6 46. Nxg6+ Kg7 47. Ne7
(47. Nf4 Kf6 $19) 47... h5+ 48. Kf5 Qf3+ 49. Ke5 Qg3+ 50. Kf5 Qxh4 51. Nc6 Qa4
52. Ke5 Qxb5 53. Kd6 h4 54. Kc7 Qb6+ 55. Kc8 Kf6 56. a4 a5 57. Kd7 Qe3 58. Kc7
Qg3+ 59. Kb6 h3 60. Bxh3 Qxh3 61. Kxa5 Qb3 62. d6 Qc3+ 63. Kb6 Ke6 64. Nd8+ Kd7
65. Nb7 0-1

[Event "USA-ch (Women)"]
[Site "Saint Louis"]
[Date "2016.04.25"]
[Round "11"]
[White "Krush, Irina"]
[Black "Paikidze, Nazi"]
[Result "0-1"]
[WhiteElo "2465"]
[BlackElo "2346"]
[Annotator "Schulz,Andre"]
[PlyCount "128"]
[EventDate "2016.04.14"]
[EventType "tourn"]
[EventRounds "11"]
[EventCountry "USA"]
[EventCategory "2"]
[SourceTitle "CBM 172 Extra"]
[Source "ChessBase"]
[SourceDate "2016.06.21"]
[SourceVersion "1"]
[SourceVersionDate "2016.06.21"]
[SourceQuality "1"]

1. Nf3 Nf6 2. g3 d5 3. Bg2 c6 4. O-O Bg4 5. d3 Nbd7 6. h3 Bh5 7. Qe1 e5 8. e4
dxe4 9. dxe4 Bc5 10. a4 a5 11. Na3 O-O 12. Nc4 Qc7 13. Bd2 b6 14. Nh4 Rfe8 (
14... Ne8 15. Kh2 f6 16. b3 Nd6 17. Nb2 Rfe8 18. Nd3 Nf7 19. Nxc5 Nxc5 20. Kh1
Rad8 21. Bc3 Ne6 $15 {0-1 (86) Aronian,L (2783)-Kramnik,V (2780) Shanghai 2010}
) 15. Kh1 Bg6 16. Nxg6 hxg6 17. f4 b5 18. Bxa5 Qc8 19. axb5 cxb5 20. Nd2 exf4
21. gxf4 Nd5 22. Rf3 {[#]} f5 $6 {Schwarz musste die Partie gewinnen, um sich
Chancen auf den Turniersieg zu bewahren und ist auf Verwicklungen aus.} (22...
N7f6 $5 $15) 23. e5 g5 24. fxg5 $2 {Nun fliegt die weiße Stellung auseinander.
} ({Günstig für Weiß war} 24. b4 Bb6 25. Qd1 gxf4 (25... Nxf4 $2 26. Rxf4)
26. Nf1 Ne7 (26... Ne3 27. Rxe3 fxe3 28. Bd5+ Kf8 29. Qh5 $18) 27. Rxf4 $16)
24... Nxe5 25. Rf2 $2 ({Etwas besser war} 25. Rf1 Ne3 26. Qe2 (26. Bxa8 Qxa8+
27. Nf3 Nxf3 $19) 26... Ng6 27. Bxa8 Qxa8+ 28. Qf3 Qc8 $19) 25... Ne3 (25...
Bxf2 $2 26. Bxd5+ $18) 26. Nb3 {[#]} Nxg2 ({Verpasst} 26... Nd3 $1 27. cxd3
Nxg2 $19) 27. Rxg2 f4 28. Qc3 Nc4 ({Energischer war} 28... f3 $1 29. Rh2 Rxa5
30. Qxa5 f2 31. Rf1 (31. Qxb5 Nf3 $19) 31... Qc6+ $19) 29. Qf3 Qf5 30. Nxc5 (
30. g6 $1 Rac8 31. Qg4 $15) 30... Qxc5 31. b4 Qf5 32. Rf2 Re4 33. Rg1 Rae8 {[#]
} 34. Bc7 $2 {Danach dringt der schwarze Angriff durch. h3 musste stattdessen
gedeckt werden.} (34. Kh2 Re3 35. Qg4 $17) 34... Re3 35. Qxf4 Rxh3+ 36. Kg2
Ne3+ 37. Qxe3 Qg4+ 38. Qg3 Rxg3+ 39. Bxg3 Re3 $19 {Game over.} 40. Kh2 Qh5+ 41.
Kg2 Qxg5 42. Kh2 Re6 43. Rgg2 Qh5+ 44. Kg1 Qd1+ 45. Rf1 Qd4+ 46. Rff2 Re1+ 47.
Kh2 Qd1 48. Bf4 Qh5+ 49. Kg3 Rh1 50. Rh2 Rg1+ 51. Rhg2 Rh1 52. Rh2 Qg6+ 53. Kh3
Qe6+ 54. Kg3 Re1 55. Rhg2 Qg6+ 56. Kh2 Qe4 57. Bg5 Qxb4 58. Bf4 Qe7 59. Kg3 Re6
60. Kh3 Qd7 61. Kh2 Re4 62. Kg3 Qf5 63. Rf3 g5 64. Bxg5 Rg4+ 0-1

[Event "Magen Memorial"]
[Site "Petah Tikva"]
[Date "1997.02.25"]
[Round "7"]
[White "Zalkind, Konstantin"]
[Black "Soffer, Ram"]
[Result "0-1"]
[WhiteElo "2370"]
[BlackElo "2525"]
[Annotator "Soffer,R"]
[PlyCount "72"]
[EventDate "1997.01.14"]
[EventType "tourn"]
[EventRounds "1"]
[EventCountry "ISR"]
[SourceTitle "CBM 057"]
[Source "ChessBase"]
[SourceDate "1997.04.01"]
[SourceVersion "1"]
[SourceVersionDate "1997.04.01"]
[SourceQuality "1"]

1. Nf3 d5 2. g3 c6 3. Bg2 Bg4 4. b3 Nd7 5. Bb2 Ngf6 6. O-O e6 7. d3 Bc5 8. Qe1
O-O 9. e4 dxe4 10. dxe4 Bxf3 11. Bxf3 e5 12. Nd2 b5 13. Qe2 Qe7 14. a3 a6 (
14... Bd4 $142) 15. Bg2 Bd4 (15... Bb6 16. Kh1 {/\f4} (16. b4 c5)) 16. Bxd4 $1
exd4 17. Rfe1 $5 (17. Qd3 c5 (17... Qc5) 18. f4 Ng4) 17... Rfe8 (17... c5 18.
e5 Rae8 19. Qd1 $1 Nxe5 20. f4 $16) (17... Rae8) 18. Nf3 $5 c5 19. e5 Rab8 $5 (
19... Nd5 20. Nxd4 Nc3 21. Qd2 cxd4 22. Bxa8 Rxa8 23. Qxd4 Rc8 24. Re3 b4 25.
Qxb4 Qxb4 26. axb4 $16) (19... Nb6 20. Ng5 Nfd5 21. Nxh7 $1 Kxh7 22. Bxd5 Nxd5
23. Qe4+ $16) (19... Rad8 20. a4 $1 Nd5 21. axb5 Nc3 22. Qd3 axb5 23. Ra7 {
/\Bh3} Qe6 24. Ng5 Qh6 25. Qf5 $16) 20. Qd2 (20. a4 $5 Nf8 $14 (20... Qd8))
20... Nd5 (20... Ng4 $5 21. h3 Nh6 (21... Ngxe5 22. Nxe5 Nxe5 23. f4) 22. b4 $5
$14) 21. Ng5 $6 (21. Nxd4 $5 cxd4 (21... Nxe5 $2 22. Nc6) 22. Bxd5 Qc5 23. c4
$5 bxc4 (23... dxc3 24. Bxf7+ Kxf7 25. Qxd7+ Kg8 $16) (23... Nxe5 24. Qf4 Qd6
25. Red1 bxc4 26. Rxd4 $16) 24. bxc4 Nb6 25. Qb4 Rbc8 26. Qxc5 Rxc5 27. e6 Nxd5
$11) (21. e6 $5 N7b6 $1 (21... fxe6 22. Nxd4 cxd4 23. Bxd5 Qf7 24. Bc6 e5 $14)
22. Ng5 f6) 21... Ne3 $1 {This leads to big complications} ({A quieter
alternative was} 21... N7b6 $14) 22. Bc6 Nxe5 $1 (22... Qxg5 23. Bxd7 Re7 (
23... Red8 24. e6 $1 (24. Bh3 Qh5 $11) 24... Rb6 $5 25. e7 $1 (25. fxe3 fxe6
26. Qa5 Rd6) 25... Qxe7 26. Bh3 $16) 24. Bh3 $1 (24. Bc6 Qh6 25. fxe3 Qxc6 26.
exd4 cxd4) 24... Qh5 25. fxe3 Qxh3 26. exd4 cxd4 27. Qxd4 Rd7 28. Qe4 Rbd8 29.
e6 $14) (22... Red8 23. e6 fxe6 24. Nxh7 $14) 23. Bxe8 Qxg5 $6 ({The right
move order was} 23... Rxe8 $1 24. fxe3 Qxg5 25. Qg2 d3 {and Black is at least
equal} (25... dxe3 $13)) 24. Bc6 $1 Qg6 $2 $138 {Imaginative but wrong. Black
should settle for an exchange down with some compensation.} (24... Nxc6 25.
fxe3 Ne5 (25... Re8 26. Qg2 $1 $16) 26. Qe2 (26. Qg2 d3 $13) 26... Qf5 27. Rf1
Qe4 28. Rae1 d3 29. cxd3 Nxd3 30. Rd1 c4 $11) 25. Bh1 $1 (25. fxe3 Qxc6 26. Qg2
$14) 25... Nxc2 (25... Qxc2 $6 26. Rad1 $1 (26. Ra2 $5) 26... Qxd2 (26... Qxb3
27. Rxe3 $18) 27. Rxd2 N3g4 28. h3 Re8 29. Rc1 Nf6 30. Rxc5 $18) 26. Rxe5 Nxa1
27. Qb2 $2 (27. Qe1 $1 Qd6 (27... f6 $2 28. Rxc5 $18) (27... Rf8 28. Qxa1 Qc2
29. b4 $18) 28. Rd5 Qc7 (28... Nc2 29. Qe2 Qg6 30. Be4 $18) 29. Qxa1 Rd8 $16)
27... Nxb3 (27... Nc2 $2 28. Be4 Qf6 29. Rf5) (27... Qf6 $5 28. f4 (28. Rxc5 d3
29. Qxf6 gxf6 30. Rd5 Nxb3 31. Rxd3 Nc5 32. Rd6 $15) 28... Nxb3) 28. Qxb3 c4 {
The connected passed pawns are not worse than the bishop} 29. Qb4 Qf6 $13 30.
Qe1 $6 (30. Rc5 Rd8 (30... Re8 31. a4 d3 32. axb5 axb5 33. Qxb5) 31. Rc6 Qe5
32. Rxa6 $6 d3 33. Qa5 Qa1+ 34. Kg2 Qd4 35. Ra8 Qd5+ 36. Kg1 Rxa8 37. Qxa8+
Qxa8 38. Bxa8 c3 $19) (30. f4 d3 31. Bd5 {with the same plan as in the game
would save time and improve White's chances}) 30... g6 $15 31. f4 {White
occupies the centre with pieces, but Black can undermine them by tactical
threats} (31. Rc5 d3 32. Rc6 Qd4) (31. Re7 d3 {/\d2}) (31. Re8+ Rxe8 32. Qxe8+
Kg7 $15) 31... d3 32. Bd5 Rd8 $1 33. Kf2 $2 (33. Qe3 $1 $15 {was much better,
but Black can still create trouble by} Kf8 {/\Qd6,f6}) (33. Qc3 $2 Rxd5 34.
Re8+ Kg7 35. Rg8+ Kxg8 36. Qxf6 d2 $19) 33... c3 $1 $17 {The capture of the
pawn is impossible, and the best White can now hope for is a rook ending a
pawn down} (33... Qb6+ 34. Qe3 Qxe3+ 35. Kxe3 Kf8 36. Bf3 d2 37. Bd1) (33...
Kf8 $5 34. Qb4+ $140 Qd6 {/\f6} 35. Bf3 $1 $13) 34. Qe3 (34. Qxc3 $2 Rxd5 35.
Re8+ (35. Qc8+ Rd8) 35... Kg7 36. Rg8+ Kxg8 37. Qxf6 d2 $19) (34. Re8+ $2 Rxe8
35. Qxe8+ Kg7 36. Ke3 {would allow a nice win:} c2 37. Kd2 (37. Qc8 Qb2) 37...
c1=Q+ $1 38. Kxc1 Qc3+ 39. Kb1 Qc2+ 40. Ka1 Qd1+ 41. Kb2 Qe2+ 42. Qxe2 dxe2 $19
) (34. Ke3 $2 d2 35. Qd1 Qxe5+ $1 36. fxe5 Rxd5 $19) (34. Bb3 $5 {was the
toughest defense} c2 {/\Rc8} (34... Qb6+ 35. Qe3 (35. Kg2 Qc6+ 36. Kh3 c2 37.
Qc1 Qc3 $19) 35... Qxe3+ 36. Kxe3 c2 37. Rc5) (34... Qc6 $5 35. Qe3 (35. Re7 d2
$1) 35... c2 (35... d2 36. Qc5 (36. Rc5 Qh1 37. Bxf7+ Kf8 38. Bb3 Qxh2+ 39. Kf3
Qh1+ 40. Kf2 d1=N+ 41. Bxd1 Qxd1 $19) 36... Qxc5+ (36... Qh1 37. Bxf7+ $1 (37.
Qxc3 Qxh2+ 38. Kf3 Qh1+ 39. Kf2 d1=N+ 40. Bxd1 Qxd1) 37... Kg7 38. Bb3 Qxh2+
39. Kf3 $1 (39. Kf1 d1=Q+) (39. Ke3 Qxg3+ 40. Ke2 d1=Q+ 41. Bxd1 Rd2+ 42. Kf1
Rxd1+ 43. Ke2 Re1#) 39... Rd3+ 40. Re3 d1=Q+ 41. Bxd1 Qh1+ 42. Kf2 $11) 37.
Rxc5 d1=Q 38. Bxd1 Rxd1 39. Rxc3 Rd2+ 40. Kf3 (40. Kg1 Ra2 $17) 40... Rxh2 41.
Rc6 a5 $17) 36. Rc5 (36. Qc5 $2 c1=Q) 36... Qd7 (36... Qh1 37. Bxf7+ Kf8 38.
Rc7 Qxh2+ 39. Kf3 Qe2+ 40. Qxe2 dxe2 41. Kxe2 Rd7 42. Rxc2 Kxf7 $17) 37. Rd5
Qc8 38. Rc5 (38. Rxd8+ Qxd8 $19) 38... Qh3 39. Rc7 $132) 35. Qc3 $1 Qb6+ 36.
Qc5 Qxc5+ (36... Qa5 $2 37. Bxf7+ Kxf7 38. Qe7+ Kg8 39. Qe6+ $11) 37. Rxc5 d2
38. Bxc2 d1=Q 39. Bxd1 Rxd1 $15) 34... c2 {/\Rc8,Rxd5} (34... d2 35. Bb3) 35.
Qc5 $8 (35. Bb3 Rc8 36. Rc5 Rxc5 37. Qxc5 Qb2 38. Bxf7+ Kg7 $19) 35... Qd6 36.
Qc3 $2 {Loses immediately} ({after} 36. Bb3 $8 {Black still has to do some work
} Qd4+ $1 37. Kf3 $1 (37. Qxd4 $2 Rxd4 38. Rc5 Rc4 39. Bxc4 bxc4 40. Rxc4 d2
$19) (37. Kg2 $2 Qb2 38. Bxf7+ Kg7 39. Qe7 c1=Q+ 40. Kh3 Qf1+ 41. Kg4 Qbe2+) (
37. Kf1 $2 Qa1+ 38. Re1 Qxe1+ 39. Kxe1 d2+) 37... Qxc5 {Black has to be careful
} (37... Qb2 $2 38. Bxf7+) (37... Qa1 $2 38. Bxf7+ (38. Qc7 Rf8 39. Re8 Kg7 40.
Rxf8 Qh1+) 38... Kg7 39. Bd5 Qf1+ 40. Kg4 $16) 38. Rxc5 d2 39. Bxc2 d1=Q+ 40.
Bxd1 Rxd1 41. Ke4 Ra1 $17) (36. Bf3 $2 Qd4+ $1 (36... Qxc5+ 37. Rxc5 a5 38. Ke3
b4 39. axb4 axb4 40. Be4) 37. Kg2 Qb2) 36... Qd7 $1 (36... Qd7 37. Bb3 (37. Qd2
Rc8 38. Re1 (38. Qc1 d2) 38... Qxd5) 37... Rc8 (37... Qd4+ 38. Qxd4 Rxd4 39.
Rc5 Rc4 40. Bxc4 bxc4 41. Rxc4 d2 $19) 38. Rc5 Qa7 $19) 0-1

[Event "Lloyds Bank op 18th"]
[Site "London"]
[Date "1994.??.??"]
[Round "3"]
[White "Webster, Andrew"]
[Black "Speelman, Jonathan S"]
[Result "0-1"]
[WhiteElo "2405"]
[BlackElo "2600"]
[Annotator "Speelman,J"]
[PlyCount "64"]
[EventDate "1994.08.??"]
[EventType "swiss"]
[EventRounds "10"]
[EventCountry "ENG"]
[SourceTitle "EXT 2000"]
[Source "ChessBase"]
[SourceDate "1999.11.16"]
[SourceVersion "1"]
[SourceVersionDate "1999.11.16"]
[SourceQuality "1"]

1. g3 d5 2. Nf3 c6 3. b3 Bg4 4. Bg2 Nd7 5. Ba3 $5 e5 $5 (5... Bxf3 6. Bxf3 e5
7. Bb2 $1 (7. Bxf8 Nxf8)) 6. Bxf8 Kxf8 7. c4 $5 (7. d3) (7. O-O) 7... e4 $1 8.
Nd4 dxc4 9. Qc2 $1 (9. bxc4 $2 Nc5 10. Nb3 $2 (10. Nc2) 10... Nd3+ 11. Kf1 Qf6
12. f3 exf3 13. exf3 Re8) (9. h3) 9... Ngf6 $1 (9... cxb3 $2 10. Qxb3 {with
initiative.} (10. axb3)) (9... Ndf6 10. Qxc4) 10. bxc4 (10. Qxc4 c5 $5 (10...
Qe7)) 10... Ne5 11. Nb3 Qe7 12. Nc3 Nxc4 $1 13. a4 (13. Nxe4 $2 Na3 14. Qb2 (
14. Qc1 Nxe4 15. Bxe4 Bxe2 16. Qc5 {Flear} Bc4 $19) 14... Nxe4 15. Bxe4 Bxe2 $1
) (13. O-O) 13... Bf3 $1 14. O-O Bxg2 15. Kxg2 h5 $1 16. Rfd1 Re8 17. h3 Rh6
18. a5 Rg6 19. Ra4 Nd6 20. Nc5 b6 21. axb6 axb6 22. Nb3 Nf5 23. Rg1 b5 $6 (
23... h4 24. g4 Nxg4 25. hxg4 Rxg4+ 26. Kh3 $5 (26. Kf1 Rxg1+ 27. Kxg1 Qg5+ {
etc}) (26. Kh2 Qd6+ 27. Kh1 Rxg1+ 28. Kxg1 Qg6+ 29. Kh2 h3 {etc}) 26... Rxg1
27. Rxe4 Qg5 28. Rxe8+ Kxe8 29. Qe4+ Kf8 30. Qxc6 g6 $19) 24. Ra6 $2 (24. Raa1
$1) 24... h4 25. g4 Nxg4 26. hxg4 Rxg4+ 27. Kf1 Rxg1+ 28. Kxg1 Qg5+ 29. Kh2 h3
$1 30. Kxh3 Qh4+ 31. Kg2 Qg4+ 32. Kf1 Qh3+ (32... Qh3+ 33. Kg1 (33. Ke1 Qh1#)
33... Nh4) 0-1